<?xml version="1.0" encoding="UTF-8"?>
<record
    xmlns:xsi="http://www.w3.org/2001/XMLSchema-instance"
    xsi:schemaLocation="http://www.loc.gov/MARC21/slim http://www.loc.gov/standards/marcxml/schema/MARC21slim.xsd"
    xmlns="http://www.loc.gov/MARC21/slim">

  <leader>01854nas a2200265Ia 4500</leader>
  <controlfield tag="001">R053-S7859</controlfield>
  <controlfield tag="003">IT-CnALBA</controlfield>
  <controlfield tag="008">170116c99999999xx ||||||||||||   ||und||</controlfield>
  <datafield tag="040" ind1=" " ind2=" ">
    <subfield code="a">IT-CnALBA</subfield>
    <subfield code="c">IT-CnALBA</subfield>
  </datafield>
  <datafield tag="041" ind1=" " ind2=" ">
    <subfield code="a">ITALIANO</subfield>
  </datafield>
  <datafield tag="100" ind1=" " ind2=" ">
    <subfield code="a">AA.VV.</subfield>
  </datafield>
  <datafield tag="210" ind1=" " ind2=" ">
    <subfield code="a">BELL'ITALIA</subfield>
  </datafield>
  <datafield tag="222" ind1=" " ind2=" ">
    <subfield code="a">BELL'ITALIA</subfield>
  </datafield>
  <datafield tag="245" ind1=" " ind2="0">
    <subfield code="a">BELL'ITALIA. GEOGRAFIA. AGOSTO 2004. ALTO ADIGE. DOLOMITI VAL DI TIRES. SARDEGNA. ALGHERO CAPITALE DEL MARE. </subfield>
  </datafield>
  <datafield tag="250" ind1=" " ind2=" ">
    <subfield code="a">1a ed.</subfield>
  </datafield>
  <datafield tag="260" ind1=" " ind2=" ">
    <subfield code="a">S.C.</subfield>
    <subfield code="b">S.e.</subfield>
    <subfield code="c">2004</subfield>
  </datafield>
  <datafield tag="310" ind1=" " ind2=" ">
    <subfield code="a">MENSILE</subfield>
  </datafield>
  <datafield tag="362" ind1=" " ind2=" ">
    <subfield code="a">AGOSTO (2004)</subfield>
  </datafield>
  <datafield tag="500" ind1=" " ind2=" ">
    <subfield code="a">SANTA MARGHERITA, VILLA DURAZZO . BURANO COLORI IN LAGUNA. ROMA IL NOVECENTO ALLA GALLERIA D'ARTE MODERNA. C. MIGLIAVACCA. AGOSTINI D. BOTTONELLI F. SGARBI V. SAMPIETRO E. DI DOMENICO C. DE BISSI P. DOLOMITI IL SET CATENACCIO. VALLO DI NERA PERUGIA. BORGO CASTELLO. SUMMER JAMBORE A SENIGALLIA. LUCE E POESIA NELLA VENEZIA. GALATA, IL MUSEO DEL MARE. ITINERARIO E INTRATERRA ROMAGNOLO. COLLINE UMBRIA. RELAX CASALE ''400. VIAREGGIO CUCINA CARA A PUCCINI. LETTERE DI ITALIA. BOLOGNA AI PIEDI DEGLI ASINELLI. SPORT OCCASIONI. ITALIA DA LEGGERE. </subfield>
  </datafield>
  <datafield tag="501" ind1=" " ind2=" ">
    <subfield code="a">Societ&#xE0; San Paolo EM - Piazza San Paolo, 14 - 12051 ALBA (CN)  (non commercial uses only) &#xAE; Copyright 2017</subfield>
  </datafield>
  <datafield tag="520" ind1=" " ind2=" ">
    <subfield code="a">SANTA MARGHERITA, VILLA DURAZZO . BURANO COLORI IN LAGUNA. ROMA IL NOVECENTO ALLA GALLERIA D'ARTE MODERNA. C. MIGLIAVACCA. AGOSTINI D. BOTTONELLI F. SGARBI V. SAMPIETRO E. DI DOMENICO C. DE BISSI P. DOLOMITI IL SET CATENACCIO. VALLO DI NERA PERUGIA. BORGO CASTELLO. SUMMER JAMBORE A SENIGALLIA. LUCE E POESIA NELLA VENEZIA. GALATA, IL MUSEO DEL MARE. ITINERARIO E INTRATERRA ROMAGNOLO. COLLINE UMBRIA. RELAX CASALE ''400. VIAREGGIO CUCINA CARA A PUCCINI. LETTERE DI ITALIA. BOLOGNA AI PIEDI DEGLI ASINELLI. SPORT OCCASIONI. ITALIA DA LEGGERE. </subfield>
  </datafield>
  <datafield tag="650" ind1=" " ind2=" ">
    <subfield code="a">SCIENZE UMANE E RELIGIOSE</subfield>
  </datafield>
  <datafield tag="942" ind1=" " ind2=" ">
    <subfield code="c">CR</subfield>
  </datafield>
  <datafield tag="957" ind1=" " ind2=" ">
    <subfield code="7">1</subfield>
  </datafield>
  <datafield tag="999" ind1=" " ind2=" ">
    <subfield code="a">77419</subfield>
    <subfield code="b">NO</subfield>
    <subfield code="g">1</subfield>
    <subfield code="c">335405</subfield>
    <subfield code="d">335405</subfield>
  </datafield>
  <datafield tag="952" ind1=" " ind2=" ">
    <subfield code="0">0</subfield>
    <subfield code="1">0</subfield>
    <subfield code="4">0</subfield>
    <subfield code="6">R_053S7859</subfield>
    <subfield code="7">1</subfield>
    <subfield code="a">ALBA</subfield>
    <subfield code="b">ALBA</subfield>
    <subfield code="d">2017-01-16</subfield>
    <subfield code="l">0</subfield>
    <subfield code="o">R053-S7859</subfield>
    <subfield code="r">2017-01-16 00:00:00</subfield>
    <subfield code="w">2017-01-16</subfield>
    <subfield code="y">CR</subfield>
    <subfield code="z">(data import: 16 gennaio 2017) - By Epidotti, Vaglietti. </subfield>
  </datafield>
</record>
